000 00655nam a22002057a 4500
005 20100802162611.0
010 _aENG-97801
020 _a9789380173726
_c150.00
035 _aEN-81334
037 _bDBAD/PUB
082 _a003
100 _aNagaraja, S.
_94558
245 _aOperations research /
_cby S. Nagaraja
260 _aKoradacheri
_bAruma Publishers
_c2009
270 _a35, Gandhi Colony
_bKoradacheri
_e613703
300 _a141p.
_c20cm (pbk)
650 _aOperations Research
_94559
942 _2ddc
_cEN
_h003
_mNAG
999 _c38790
_d38790